| 000 | 00497nam a2200145Ia 4500 | ||
|---|---|---|---|
| 008 | 100122s9999 xx 000 0 und d | ||
| 082 |
_b55452 _a920.054 |
||
| 100 | _aकोलारकर शरद | ||
| 245 | _aकाही वादळी जीवनरेखा | ||
| 260 |
_bविजय प्रकाशन _c1998 |
||
| 300 | _a128 | ||
| 630 | _aकाही वादळी जीवनरेखा | ||
| 730 | _aकाही वादळी जीवनरेखा | ||
| 942 | _cBOOK | ||
| 999 |
_c432094 _d432091 |
||